| 000 | 00767nam a2200265 a 4500 | ||
|---|---|---|---|
| 003 | AR-BaBNM | ||
| 005 | 20251128205607.0 | ||
| 008 | 082120s2002 ||||||||||||||000 | spa|| | ||
| 020 | _a950-13-2295-5 | ||
| 040 | _cAR-BaBNM | ||
| 100 | 1 | _aMallea, Eduardo | |
| 245 | 0 | 0 |
_aEl vĂnculo ; _bLos Rembrandts ; La rosa de Cernobbio |
| 260 |
_aBuenos Aires _bKapelusz _c1991 |
||
| 300 | _a159 p. | ||
| 490 | 0 |
_aGrandes obras de la literatura universal _vv. 160 |
|
| 500 | _aContiene referencias bibliográficas en p. 159 | ||
| 650 | 4 | _aLITERATURA ARGENTINA | |
| 650 | 4 | _aLITERATURA CONTEMPORANEA | |
| 653 | _aNOVELA PSICOLOGICA | ||
| 653 | _aNARRATIVA | ||
| 655 | _aLITERATURA | ||
| 700 | 1 |
_aGhiano, Juan Carlos _eprologuista |
|
| 942 | _cBK | ||
| 998 | _cMARTIN | ||
| 999 |
_c12045 _d12045 |
||